000 00528cam a2200205ua 4500
001 2137
008 110805n ii |||gr||||Z||||||asm
020 _a978-81-7339-106-2
040 _cMAIN
082 _a371.3
100 _aNath, Paul,
_eAuthor.
245 1 _aSikowar paddhati aru anusilan
_cby Paul Nath
250 _a3rd.
260 _aGuahati:
_bLawyers book stall,
_c2008.
300 _a164p:
_c23cm.
653 _aEducation
653 _aSikowar paddhati aru anusilan
700 _aDevi, Bijoya,
_eAuthor.
942 _cBK
999 _c2005
_d2005